[Event "OLNW 1819 SK Union Oldenburg - Hamelner"]
[Site "?"]
[Date "2019.02.24"]
[Round "7.8"]
[White "Heinemann, Ernst"]
[Black "Reichelt, Ole"]
[Result "1-0"]
[WhiteElo "2091"]
[BlackElo "1847"]
[PlyCount "93"]
[EventDate "2019.??.??"]

1. e4 c5 2. Nf3 Nc6 3. Bb5 Nd4 4. Nxd4 cxd4 5. O-O a6 6. Bc4 e6 7. c3 Bc5 8. b4
Ba7 9. Bb2 Qf6 10. Qe2 b5 11. Bd3 Bb7 12. Na3 dxc3 13. dxc3 Ne7 14. c4 Bd4 15.
Bxd4 Qxd4 16. cxb5 Qxb4 17. Nc4 axb5 18. Rab1 Qc5 19. Rxb5 Qc6 20. Rxb7 d5 21.
Rb6 dxc4 22. Rxc6 cxd3 23. Qxd3 Nxc6 24. Qb5 O-O 25. Qxc6 Rxa2 26. g3 h6 27.
Qc7 Ra4 28. e5 Raa8 29. Rc1 Rab8 30. Rc2 Ra8 31. Kg2 Ra3 32. Rc4 Ra2 33. g4 Rd2
34. h4 Ra2 35. Qe7 Ra5 36. Rc5 Ra4 37. Kg3 Raa8 38. f3 Rfe8 39. Qc7 Rf8 40. Qc6
Ra1 41. g5 h5 42. Rc1 Ra5 43. Qc7 Raa8 44. g6 fxg6 45. Qd7 Ra3 46. Qxe6+ Kh7
47. Qd5 1-0

[Event "OLNW 1819 HSK Lister Turm - Hannover 96"]
[Site "?"]
[Date "2019.02.24"]
[Round "7.1"]
[White "Piepho, Niels"]
[Black "Voege, Tobias"]
[Result "1/2-1/2"]
[WhiteElo "2231"]
[BlackElo "2241"]
[PlyCount "83"]
[EventDate "2019.??.??"]

1. Nf3 c5 2. g3 g6 3. Bg2 Bg7 4. c4 Nf6 5. Nc3 O-O 6. e4 Nc6 7. O-O d6 8. h3
Ne8 9. d3 Nc7 10. Bd2 Ne6 11. Rb1 Ned4 12. Nxd4 Nxd4 13. b4 cxb4 14. Rxb4 Bd7
15. Nd5 Rb8 16. a4 Ne6 17. a5 Nc5 18. Qc2 e6 19. Ne3 Qxa5 20. Rxb7 Qa3 21. Bb4
Qa6 22. Rxb8 Rxb8 23. Bc3 Qa3 24. Bxg7 Kxg7 25. d4 Rb2 26. Qd1 Nd3 27. Qf3 Qb3
28. Rd1 Rb1 29. Rxb1 Qxb1+ 30. Bf1 Nc1 31. e5 dxe5 32. dxe5 h5 33. g4 hxg4 34.
Qf6+ Kf8 35. Qh8+ Ke7 36. Qh4+ Kf8 37. Qxg4 Bc6 38. Qd1 Be4 39. Qd8+ Kg7 40.
Qf6+ Kf8 41. Qd8+ Kg7 42. Qf6+ 1/2-1/2

[Event "OLNW 1819 HSK Lister Turm - Hannover 96"]
[Site "?"]
[Date "2019.02.24"]
[Round "7.2"]
[White "Buchenau, Frank"]
[Black "Helmer, Christoph"]
[Result "1/2-1/2"]
[WhiteElo "2289"]
[BlackElo "2145"]
[PlyCount "101"]
[EventDate "2019.??.??"]

1. e4 c5 2. Nf3 d6 3. Bb5+ Bd7 4. Bxd7+ Nxd7 5. O-O Ngf6 6. Qe2 Rc8 7. b3 g6 8.
Bb2 Bg7 9. d4 cxd4 10. Nxd4 O-O 11. c4 a6 12. Nc3 e6 13. Rad1 Qa5 14. Kh1 Rfe8
15. f4 e5 16. fxe5 Qxe5 17. Nf3 Qe7 18. Qd2 Nc5 19. Nd5 Nxd5 20. exd5 Bxb2 21.
Qxb2 Qe2 22. Qa1 Nd3 23. Qd4 Re3 24. Kg1 Rce8 25. Qf6 R3e7 26. Nd4 Qxd1 27.
Rxd1 Re1+ 28. Qf1 Rxf1+ 29. Kxf1 Ne5 30. h3 h5 31. Kf2 Kg7 32. Nf3 Nd7 33. g4
hxg4 34. hxg4 Nf6 35. g5 Ne4+ 36. Kg2 Nc3 37. Rd2 Ne2 38. Kf2 Nc3 39. Rc2 Ne4+
40. Kg2 Rc8 41. Re2 Nc3 42. Re7 b5 43. Nd2 bxc4 44. bxc4 Kf8 45. Rd7 Nxd5 46.
Kf3 Nb6 47. Rxd6 Nxc4 48. Nxc4 Rxc4 49. Rxa6 Rc5 50. Kf4 Rc4+ 51. Kf3 1/2-1/2

[Event "OLNW 1819 HSK Lister Turm - Hannover 96"]
[Site "?"]
[Date "2019.02.24"]
[Round "7.3"]
[White "Schulz, Daniel"]
[Black "Hoerstmann, Rudi"]
[Result "0-1"]
[WhiteElo "2078"]
[BlackElo "2223"]
[PlyCount "105"]
[EventDate "2019.??.??"]

1. d4 g6 2. c4 Bg7 3. Nf3 c5 4. d5 d6 5. g3 e5 6. Nc3 Ne7 7. Bg2 O-O 8. e4 h6
9. Be3 f5 10. Qd2 g5 11. exf5 Nxf5 12. h4 g4 13. Nh2 h5 14. Bg5 Qe8 15. Nf1 Na6
16. Nb5 Bd7 17. a4 Qb8 18. Ra3 Nb4 19. Ne3 a6 20. Nc3 Nd4 21. Ne4 Rf7 22. a5 b5
23. axb6 Qxb6 24. O-O Raf8 25. Nd1 Nbc2 26. Rc3 Na1 27. Kh2 Nab3 28. Qe3 Bf5
29. Bh6 a5 30. Qg5 Qd8 31. Qe3 a4 32. Bxg7 Rxg7 33. Qh6 Bxe4 34. Bxe4 Qf6 35.
Qxh5 Nd2 36. Bg2 Nxf1+ 37. Bxf1 Qf5 38. Qh6 Qf6 39. Qh5 Qg6 40. Qxg6 Rxg6 41.
Bd3 Rg7 42. Ra3 Ra7 43. Kg2 Rb8 44. Ra2 Rb3 45. Be4 Ne2 46. Ne3 Rb4 47. Nxg4
Rxc4 48. Nh6+ Kg7 49. Nf5+ Kf6 50. Nxd6 Rb4 51. Bf3 Nc1 52. Ra1 Nd3 53. Ne4+
0-1

[Event "OLNW 1819 HSK Lister Turm - Hannover 96"]
[Site "?"]
[Date "2019.02.24"]
[Round "7.5"]
[White "Adibekian, Roubik"]
[Black "Hampel, Felix"]
[Result "0-1"]
[WhiteElo "2190"]
[BlackElo "2245"]
[PlyCount "89"]
[EventDate "2019.??.??"]

1. d4 g6 2. Nf3 Bg7 3. Nc3 d6 4. e4 a6 5. a4 b6 6. Bd3 e6 7. O-O Ne7 8. Re1 O-O
9. h3 Bb7 10. Ne2 c5 11. c3 Nbc6 12. Be3 h6 13. Qc2 cxd4 14. Nexd4 Qc7 15. Nxc6
Bxc6 16. Bf4 e5 17. Be3 d5 18. Qb3 dxe4 19. Bxb6 Qb7 20. Bc4 exf3 21. Rad1 fxg2
22. a5 Nf5 23. Bd5 Nh4 24. Re3 Nf5 25. Red3 e4 26. Bxc6 Qxc6 27. Qd5 Ne7 28.
Qxc6 Nxc6 29. Re3 Rfe8 30. Kxg2 Re6 31. Rde1 Rae8 32. Kf1 f5 33. f3 Ne5 34.
fxe4 Nc4 35. R3e2 Nxb6 36. axb6 Rxb6 37. exf5 Rxe2 38. Rxe2 gxf5 39. Rc2 Kf7
40. Ke2 Ke6 41. Kd3 Rd6+ 42. Kc4 f4 43. Re2+ Kf5 44. Re7 Bf6 45. Re1 0-1

[Event "OLNW 1819 HSK Lister Turm - Hannover 96"]
[Site "?"]
[Date "2019.02.24"]
[Round "7.6"]
[White "Virag, Attila Aba"]
[Black "Usachyi, Vladimir"]
[Result "1/2-1/2"]
[WhiteElo "2276"]
[BlackElo "2125"]
[PlyCount "93"]
[EventDate "2019.??.??"]

1. e4 d6 2. d4 c6 3. Nc3 Nd7 4. f3 Ngf6 5. Nh3 e5 6. Be3 Be7 7. Nf2 O-O 8. Be2
Ne8 9. Qd2 b5 10. a3 a6 11. O-O Qc7 12. f4 Bb7 13. Kh1 Rd8 14. Rad1 c5 15. dxe5
dxe5 16. Nd5 Bxd5 17. exd5 exf4 18. Bxf4 Bd6 19. Ne4 Bxf4 20. Qxf4 Qxf4 21.
Rxf4 Nef6 22. Kg1 Nxe4 23. Rxe4 Nf6 24. Re5 c4 25. d6 Rfe8 26. Rxe8+ Nxe8 27.
d7 Nf6 28. Rd6 Rxd7 29. Rxa6 Kf8 30. Rb6 Rd2 31. Bf3 Rxc2 32. Rxb5 Ke7 33. a4
c3 34. bxc3 Rxc3 35. a5 Ra3 36. Kf2 Ne8 37. Rb7+ Kd6 38. Rb6+ Kc7 39. Rc6+ Kd7
40. Rc5 Kd6 41. Rf5 Ke6 42. Rc5 Kd6 43. Rc8 Nc7 44. Rd8+ Ke7 45. Rc8 Na6 46.
Ra8 Rxa5 47. Kg3 1/2-1/2

[Event "OLNW 1819 SK Nordhorn Blanke - SF Hanno"]
[Site "?"]
[Date "2019.02.24"]
[Round "7.1"]
[White "Ackermann, Dennie"]
[Black "Kroeze, Frank"]
[Result "0-1"]
[WhiteElo "2148"]
[BlackElo "2384"]
[PlyCount "52"]
[EventDate "2019.??.??"]

1. c4 e5 2. Nc3 Nf6 3. e3 d5 4. cxd5 Nxd5 5. Qh5 Nxc3 6. Qxe5+ Be7 7. Qxc3 O-O
8. Nf3 c5 9. Be2 Nc6 10. O-O b6 11. a3 Bb7 12. d3 Qd5 13. Rb1 Rac8 14. b3 Rfd8
15. Rd1 Rd6 16. Bb2 Rg6 17. Qc2 Qh5 18. Kf1 Nd4 19. exd4 cxd4 20. Qd2 Qg4 21.
Ne1 Bxg2+ 22. Nxg2 Qxg2+ 23. Ke1 Qg1+ 24. Bf1 Re6+ 25. Qe2 Rxe2+ 26. Kxe2 Bh4
0-1

[Event "OLNW 1819 SK Nordhorn Blanke - SF Hanno"]
[Site "?"]
[Date "2019.02.24"]
[Round "7.3"]
[White "Pawelzik, Malte"]
[Black "Plasman, Hans"]
[Result "1-0"]
[WhiteElo "2131"]
[BlackElo "2120"]
[PlyCount "43"]
[EventDate "2019.??.??"]

1. e4 c5 2. Nf3 Nc6 3. d4 cxd4 4. Nxd4 e5 5. Nb5 d6 6. N1c3 a6 7. Na3 Be7 8.
Nc4 b5 9. Ne3 Nf6 10. g3 b4 11. Ncd5 Nxe4 12. Bg2 f5 13. g4 Bh4 14. gxf5 Bxf2+
15. Kf1 O-O 16. Bxe4 Nd4 17. Qg4 Bh4 18. c3 bxc3 19. bxc3 a5 20. cxd4 Ba6+ 21.
Kg2 exd4 22. Bb2 1-0

[Event "OLNW 1819 SK Nordhorn Blanke - SF Hanno"]
[Site "?"]
[Date "2019.02.24"]
[Round "7.4"]
[White "Oehne, Timo"]
[Black "Kaimer, Thomas"]
[Result "0-1"]
[WhiteElo "2090"]
[BlackElo "2141"]
[PlyCount "56"]
[EventDate "2019.??.??"]

1. d4 Nf6 2. Nf3 c5 3. c3 Qc7 4. Bg5 Ne4 5. Bh4 d5 6. e3 e6 7. Nbd2 Nxd2 8.
Qxd2 Nc6 9. Bg3 Qb6 10. Bd3 Be7 11. O-O O-O 12. Rac1 Bd7 13. dxc5 Qxc5 14. e4
dxe4 15. Bxe4 Be8 16. Rfe1 Rd8 17. Qe2 Qh5 18. Rcd1 Rxd1 19. Rxd1 Kh8 20. Bd6
Bxd6 21. Rxd6 e5 22. Qd2 f6 23. h3 Qf7 24. b3 Qe7 25. c4 f5 26. Bxc6 Bxc6 27.
Ng5 h6 28. Ne6 Rf6 0-1

[Event "OLNW 1819 SK Nordhorn Blanke - SF Hanno"]
[Site "?"]
[Date "2019.02.24"]
[Round "7.5"]
[White "Herrmann, Andreas"]
[Black "Baisakow, Alexander"]
[Result "1-0"]
[WhiteElo "2131"]
[BlackElo "2219"]
[PlyCount "91"]
[EventDate "2019.??.??"]

1. d4 d5 2. Nf3 c6 3. c3 Nf6 4. Bg5 e6 5. Nbd2 Be7 6. e3 O-O 7. Bd3 Nbd7 8. O-O
b6 9. Qe2 c5 10. Ne5 Nxe5 11. dxe5 Nd7 12. Bxe7 Qxe7 13. f4 f5 14. exf6 Nxf6
15. Nf3 Bb7 16. Rad1 Rad8 17. Ne5 Nd7 18. Nxd7 Qxd7 19. Rf3 g6 20. Rg3 Kf7 21.
Rg5 Qe7 22. Qg4 Qf6 23. Rf1 Ke7 24. h4 Rg8 25. Qg3 Qf7 26. Re5 Kd7 27. Be2 Kc7
28. Rd1 Rd6 29. Qf2 Rgd8 30. b4 cxb4 31. cxb4 Kb8 32. a4 Rc8 33. Bd3 Rdc6 34.
a5 Rc1 35. Rxc1 Rxc1+ 36. Kh2 Qe7 37. Qg3 Qd6 38. Rxe6 Qd7 39. f5+ Ka8 40. Qe5
bxa5 41. bxa5 Rc8 42. Re7 Qa4 43. Rxh7 Qxa5 44. fxg6 Qd2 45. Qd4 Qe1 46. Ba6
1-0

[Event "OLNW 1819 SK Nordhorn Blanke - SF Hanno"]
[Site "?"]
[Date "2019.02.24"]
[Round "7.6"]
[White "Hoellmann, Ludger"]
[Black "Ploog, Martin"]
[Result "0-1"]
[WhiteElo "2122"]
[BlackElo "2056"]
[PlyCount "84"]
[EventDate "2019.??.??"]

1. Nf3 g6 2. g3 Bg7 3. d4 d6 4. Bg2 Nf6 5. O-O O-O 6. c4 Nbd7 7. Nc3 e5 8. e4
c6 9. Rb1 Qb6 10. b4 exd4 11. Nxd4 Ne5 12. Na4 Qc7 13. Qc2 h5 14. Bg5 Nh7 15.
Bf4 Qe7 16. c5 g5 17. cxd6 Qxd6 18. Bxe5 Qxe5 19. Rbd1 g4 20. Nc5 Ng5 21. Kh1
a5 22. b5 cxb5 23. Nxb5 Be6 24. Nxe6 fxe6 25. Nd6 b5 26. Qc6 Rab8 27. Rd3 Qb2
28. Qc5 Qe5 29. Qe3 Rbd8 30. Rfd1 Nf3 31. Qb6 b4 32. Bxf3 gxf3 33. Rxf3 Rxd6
34. Qxd6 Qxd6 35. Rxd6 Rxf3 36. Kg2 Ra3 37. Rd2 a4 38. e5 b3 39. axb3 axb3 40.
Rd8+ Kf7 41. Rd7+ Kg8 42. Rb7 Bxe5 0-1

[Event "OLNW 1819 SK Nordhorn Blanke - SF Hanno"]
[Site "?"]
[Date "2019.02.24"]
[Round "7.7"]
[White "Edel, Thomas"]
[Black "Meijerink, Juergen"]
[Result "1-0"]
[WhiteElo "2078"]
[BlackElo "1991"]
[PlyCount "42"]
[EventDate "2019.??.??"]

1. d4 d6 2. Nf3 Nf6 3. c4 Nbd7 4. Nc3 e5 5. Bg5 Be7 6. e3 O-O 7. Qc2 c6 8.
O-O-O Ne8 9. Bxe7 Qxe7 10. Bd3 Ndf6 11. h3 Bd7 12. g4 g6 13. Kb1 Nc7 14. c5
dxc5 15. dxe5 Nfd5 16. Ne4 Ne6 17. Bc4 b5 18. Bxd5 cxd5 19. Nf6+ Kg7 20. Nxd5
Qe8 21. Nf6 Qc8 1-0

[Event "OLNW 1819 SK Nordhorn Blanke - SF Hanno"]
[Site "?"]
[Date "2019.02.24"]
[Round "7.8"]
[White "ter Stal, Sven"]
[Black "Witthaus, Joerg"]
[Result "1/2-1/2"]
[WhiteElo "1877"]
[BlackElo "2036"]
[PlyCount "35"]
[EventDate "2019.??.??"]

1. e4 e6 2. d3 c5 3. Nf3 Nc6 4. g3 g6 5. Bg2 Bg7 6. O-O Nge7 7. Re1 d6 8. c3
O-O 9. Qc2 Bd7 10. Bf4 e5 11. Bd2 h6 12. Na3 Be6 13. b4 Qd7 14. b5 Nd8 15. c4
Bg4 16. Bc3 f5 17. exf5 Bxf5 18. Nh4 {(=)} 1/2-1/2

[Event "OLNW 1819 SV Hellern - Delmenhorster SK"]
[Site "?"]
[Date "2019.02.24"]
[Round "7.1"]
[White "Korsus, Bernd"]
[Black "Lingnau, Carsten"]
[Result "1/2-1/2"]
[WhiteElo "2329"]
[BlackElo "2419"]
[PlyCount "67"]
[EventDate "2019.??.??"]

1. d4 Nf6 2. c4 e6 3. g3 Bb4+ 4. Bd2 Be7 5. Bg2 d5 6. e3 c6 7. Qb3 O-O 8. Ne2
b6 9. cxd5 cxd5 10. O-O Ba6 11. Nbc3 Nc6 12. Qa4 Bb7 13. Rfc1 a6 14. Qd1 b5 15.
Nf4 Qb6 16. Nd3 Nd7 17. Rab1 Na5 18. Nc5 Nxc5 19. dxc5 Qc7 20. b3 Nc6 21. Ne2
Rfd8 22. Nf4 b4 23. Rc2 a5 24. Bc1 d4 25. e4 Rac8 26. Bb2 Na7 27. c6 Nxc6 28.
Nd5 exd5 29. exd5 Qd7 30. dxc6 Bxc6 31. Qxd4 Qxd4 32. Bxd4 Rxd4 33. Bxc6 Rd6
34. Rbc1 1/2-1/2

[Event "OLNW 1819 SV Hellern - Delmenhorster SK"]
[Site "?"]
[Date "2019.02.24"]
[Round "7.2"]
[White "Ewert, Hannes"]
[Black "Margraf, Daniel"]
[Result "1-0"]
[WhiteElo "2287"]
[BlackElo "2264"]
[PlyCount "161"]
[EventDate "2019.??.??"]

1. Nf3 Nf6 2. g3 b5 3. Bg2 Bb7 4. Na3 a6 5. c4 b4 6. Nc2 e6 7. O-O Be7 8. d3 d5
9. cxd5 exd5 10. d4 O-O 11. Bf4 Nbd7 12. Rc1 Rc8 13. Nxb4 Bxb4 14. Qb3 Qe7 15.
a3 Bd6 16. Bxd6 cxd6 17. Qxb7 Rxc1 18. Rxc1 Qxe2 19. Re1 Qc2 20. Qxa6 Ne4 21.
Qe2 Rc8 22. Bh3 Qa4 23. Qd3 Rc7 24. Bxd7 Qxd7 25. Nd2 Nf6 26. Nb1 h5 27. Nc3
Rc8 28. Qf3 Qb7 29. Re2 Qb3 30. Kg2 Qc4 31. Rd2 Rb8 32. h3 Re8 33. Qd3 Qc6 34.
Re2 Rb8 35. a4 Ne4 36. Nb5 Qa6 37. b3 h4 38. g4 Qa5 39. f3 Ng3 40. Re3 Qd8 41.
Re1 g6 42. Qd2 Rc8 43. Rc1 Rb8 44. b4 Qb6 45. Nc3 Qc6 46. b5 Qc4 47. a5 Re8 48.
Kf2 Qb4 49. a6 Re2+ 50. Qxe2 Nxe2 51. Nxe2 Qa5 52. Rc8+ Kg7 53. Rb8 Qc7 54. Rb7
Qc8 55. Ke3 Kh6 56. Kd2 f5 57. gxf5 gxf5 58. Rb6 Qc7 59. Rb7 Qc8 60. Nc3 Kg5
61. Nxd5 Qc4 62. f4+ Kh6 63. Nc3 Qxd4+ 64. Kc2 Qf2+ 65. Kb3 Qf3 66. Rd7 Qa8 67.
Rxd6+ Kg7 68. Rc6 Kf7 69. Ka4 Qd8 70. Kb3 Qa5 71. Rc4 Qb6 72. Kb4 Ke8 73. Rc6
Qd8 74. b6 Qd4+ 75. Kb3 Kd7 76. b7 Qa7 77. Nb5 Qe3+ 78. Rc3 Qe6+ 79. Kb4 Qe4+
80. Ka5 Qd5 81. b8=Q 1-0

[Event "OLNW 1819 SV Hellern - Delmenhorster SK"]
[Site "?"]
[Date "2019.02.24"]
[Round "7.3"]
[White "Hoeffer, David"]
[Black "Boettcher, Christian"]
[Result "1/2-1/2"]
[WhiteElo "2300"]
[BlackElo "2188"]
[PlyCount "106"]
[EventDate "2019.??.??"]

1. d4 f5 2. e4 fxe4 3. Nc3 Nf6 4. Bg5 Nc6 5. d5 Ne5 6. Qd4 Nf7 7. h4 e5 8. dxe6
dxe6 9. Bxf6 gxf6 10. Qxe4 Bh6 11. Rd1 Qe7 12. Be2 Nd6 13. Qf3 O-O 14. Bd3 f5
15. Qh5 Qf6 16. Rh3 Bd7 17. Kf1 Kh8 18. Rg3 Bf4 19. Rh3 Rg8 20. Qf3 Be5 21. Qe2
Qg7 22. g3 Bf6 23. Nb5 Bxb5 24. Bxb5 Bxb2 25. Bd3 e5 26. Qd2 e4 27. Be2 Rad8
28. Rb1 Bd4 29. h5 e3 30. h6 Qf6 31. fxe3 Ne4 32. Qb4 c5 33. Qxb7 Nd2+ 34. Kg2
Nxb1 35. exd4 Rb8 36. Qc7 cxd4 37. Bd3 Nc3 38. Kh2 Nd5 39. Qxa7 Ne3 40. Nf3
Rbd8 41. Qc7 Rd6 42. a4 Qe6 43. Rh4 Ng4+ 44. Kg2 Ne3+ 45. Kh2 Ng4+ 46. Kg2 Qd5
47. Rxg4 Rxg4 48. Bxf5 Qxf5 49. Qxd6 Qxc2+ 50. Kh3 Qc8 51. Kh2 Qc2+ 52. Kh3 Qc8
53. Kh2 Qc2+ {(=)} 1/2-1/2

[Event "OLNW 1819 SV Hellern - Delmenhorster SK"]
[Site "?"]
[Date "2019.02.24"]
[Round "7.4"]
[White "Stock, Joerg"]
[Black "Mossakowski, Florian"]
[Result "1/2-1/2"]
[WhiteElo "2178"]
[BlackElo "2282"]
[PlyCount "183"]
[EventDate "2019.??.??"]

1. e4 c5 2. Nf3 Nc6 3. d4 cxd4 4. Nxd4 Nf6 5. Nc3 d6 6. Bg5 e6 7. Qd2 a6 8.
O-O-O Bd7 9. f4 h6 10. Bxf6 Qxf6 11. Nf3 Qd8 12. Kb1 Qc7 13. f5 O-O-O 14. Be2
Kb8 15. fxe6 fxe6 16. h4 Be7 17. g4 Bc8 18. g5 Qa5 19. Rhg1 hxg5 20. hxg5 Rh5
21. Qe3 Rdh8 22. Nd4 Rxg5 23. Nxc6+ bxc6 24. Rxg5 Bxg5 25. Qd4 Bf4 26. Qxg7 Be5
27. Qe7 Qc7 28. Qxc7+ Kxc7 29. Na4 Rh2 30. Bd3 c5 31. b3 Bb7 32. Rf1 Kd8 33. a3
Ke7 34. Nb6 a5 35. Nc4 Bc3 36. Ne3 Rh4 37. Nd1 Be5 38. Re1 Bg3 39. Rg1 Be5 40.
Re1 Bc6 41. Ka2 Kf6 42. Rf1+ Ke7 43. Re1 Rh2 44. Kb1 Bd4 45. Rf1 a4 46. Ka2
axb3+ 47. Kxb3 Rh4 48. Re1 Rh8 49. c3 Be5 50. Ne3 Rb8+ 51. Kc2 Ba4+ 52. Kd2
Rb2+ 53. Bc2 Bf4 54. Kd1 Bb5 55. a4 Bd7 56. Kc1 Rb8 57. Kd1 Ra8 58. Ke2 Bxa4
59. Bxa4 Rxa4 60. Kd3 Bxe3 61. Kxe3 e5 62. Rh1 Kd7 63. Rh2 Kc7 64. Rb2 Kc6 65.
Rb1 c4 66. Rb8 Kc7 67. Rb2 Ra3 68. Kd2 Kc6 69. Rb8 Ra2+ 70. Kd1 Ra7 71. Rb4 Kc5
72. Rb8 Rc7 73. Kd2 Rc6 74. Kc2 Rc7 75. Kd2 Kc6 76. Rb4 Kd7 77. Rb1 Ke6 78. Ke3
Rc8 79. Rb2 Rh8 80. Rb4 Rh3+ 81. Kd2 Rd3+ 82. Kc2 d5 83. Rb6+ Kf7 84. exd5 Rxd5
85. Rc6 Rd8 86. Rxc4 Kf6 87. Re4 Kf5 88. Re1 e4 89. Rd1 Rh8 90. Kd2 Rh2+ 91.
Ke3 Ke5 92. Rd8 1/2-1/2

[Event "OLNW 1819 SV Hellern - Delmenhorster SK"]
[Site "?"]
[Date "2019.02.24"]
[Round "7.5"]
[White "Hedke, Fred"]
[Black "Happe, Reinhold"]
[Result "1/2-1/2"]
[WhiteElo "2248"]
[BlackElo "2126"]
[PlyCount "46"]
[EventDate "2019.??.??"]

1. e4 e5 2. Nf3 Nc6 3. Bc4 Bc5 4. c3 Nf6 5. d3 a6 6. Bb3 d6 7. O-O h6 8. Re1
O-O 9. h3 Ba7 10. Nbd2 Be6 11. Nf1 Re8 12. N3h2 d5 13. Qf3 dxe4 14. dxe4 Nh7
15. Qg3 Bxb3 16. axb3 Re6 17. Nf3 Rg6 18. Qh4 Qxh4 19. Nxh4 Rd6 20. Nf5 Rd7 21.
Be3 Bxe3 22. N1xe3 Nf6 23. f3 Rad8 {(=)} 1/2-1/2

[Event "OLNW 1819 SV Hellern - Delmenhorster SK"]
[Site "?"]
[Date "2019.02.24"]
[Round "7.6"]
[White "Lewin, Tammo"]
[Black "Pahl, Erik"]
[Result "1/2-1/2"]
[WhiteElo "2056"]
[BlackElo "1985"]
[PlyCount "113"]
[EventDate "2019.??.??"]

1. d4 Nf6 2. c4 g6 3. Nc3 Bg7 4. e4 d6 5. f3 O-O 6. Be3 c5 7. d5 e6 8. Qd2 exd5
9. cxd5 a6 10. a4 Nbd7 11. Nh3 Ne5 12. Nf2 h5 13. Be2 Bd7 14. O-O Re8 15. h3 b5
16. axb5 axb5 17. Rxa8 Qxa8 18. Nxb5 Bxb5 19. Bxb5 Rb8 20. Be2 Qa2 21. Nd1 Kh7
22. Qc2 Qb3 23. Qxb3 Rxb3 24. Bc1 Bh6 25. Bxh6 Kxh6 26. g4 hxg4 27. hxg4 g5 28.
Rf2 Nfd7 29. Nc3 Rxb2 30. Nb5 c4 31. Nxd6 c3 32. Nf5+ Kg6 33. Bd1 Rb1 34. Ne3
Nxf3+ 35. Rxf3 Rxd1+ 36. Rf1 Rd3 37. Re1 Ne5 38. Kf2 Rd4 39. Re2 Rxe4 40. Rc2
Nxg4+ 41. Nxg4 Rxg4 42. Rxc3 Rd4 43. Rc5 Re4 44. Kf3 f5 45. Rc6+ Kf7 46. Rh6
g4+ 47. Kg3 Rd4 48. d6 Ke8 49. Rf6 Rd5 50. Kf4 Kd7 51. Ke3 Rxd6 52. Rxf5 Rg6
53. Kf2 Ke6 54. Rf4 Ke5 55. Kg3 Ke6 56. Rxg4 Rxg4+ 57. Kxg4 1/2-1/2

[Event "OLNW 1819 SV Hellern - Delmenhorster SK"]
[Site "?"]
[Date "2019.02.24"]
[Round "7.7"]
[White "Sturm, Tobias"]
[Black "zur Lage, Julian"]
[Result "1/2-1/2"]
[WhiteElo "2014"]
[BlackElo "2140"]
[PlyCount "59"]
[EventDate "2019.??.??"]

1. e4 e5 2. Nf3 Nc6 3. Bb5 a6 4. Bxc6 dxc6 5. O-O Bg4 6. h3 h5 7. d3 Qf6 8. Be3
Bxf3 9. Qxf3 Qxf3 10. gxf3 Bd6 11. Nd2 Ne7 12. Kh2 O-O-O 13. Rg1 g6 14. Bg5
Rhe8 15. Nc4 Rd7 16. a4 Kb8 17. Rgb1 Nc8 18. b4 Nb6 19. Na5 Re6 20. Be3 f5 21.
Bc5 Nc8 22. Nb3 fxe4 23. fxe4 b6 24. Bxd6 cxd6 25. Rg1 Rf7 26. Ra2 Ref6 27. Rf1
Ne7 28. Nd2 Kc7 29. f3 Rf8 30. Rg1 {(=)} 1/2-1/2

[Event "OLNW 1819 SV Hellern - Delmenhorster SK"]
[Site "?"]
[Date "2019.02.24"]
[Round "7.8"]
[White "Gronde, Ingo"]
[Black "Pahl, Theis"]
[Result "1-0"]
[WhiteElo "2210"]
[BlackElo "2038"]
[PlyCount "109"]
[EventDate "2019.??.??"]

1. e4 c5 2. Nf3 d6 3. d4 cxd4 4. Nxd4 Nf6 5. Nc3 a6 6. Bg5 e6 7. f4 h6 8. Bh4
Qb6 9. Qd2 Qxb2 10. Rb1 Qa3 11. e5 dxe5 12. fxe5 Nfd7 13. Ne4 Qxa2 14. Rd1 Qd5
15. Qe3 Qxe5 16. Be2 Bc5 17. Bg3 Qd5 18. c4 Bxd4 19. Rxd4 Qa5+ 20. Rd2 O-O 21.
Bd6 f5 22. Bxf8 Nxf8 23. Nd6 Nbd7 24. g4 Qa1+ 25. Rd1 Qa5+ 26. Kf2 Qe5 27. gxf5
exf5 28. Bf3 Qxe3+ 29. Kxe3 Ne5 30. Bd5+ Kh7 31. Rb1 Nfd7 32. Bxb7 Bxb7 33.
Rxb7 Rf8 34. Kd4 f4 35. c5 Nc6+ 36. Kd5 Ne7+ 37. Kd4 Nc6+ 38. Kd5 Ne7+ 39. Kc4
Ne5+ 40. Kd4 N5c6+ 41. Ke4 g5 42. Kf3 Kg6 43. Re1 Kf6 44. Re4 Rg8 45. Ra4 a5
46. Ke4 Ke6 47. Ra3 Nd5 48. Nc4 Nf6+ 49. Kd3 Rd8+ 50. Ke2 Kd5 51. Nxa5 Nd4+ 52.
Kf1 Ne4 53. c6 Nd2+ 54. Ke1 Nc2+ 55. Kxd2 1-0

[Event "OLNW 1819 Hamelner SV - Delmenhorster S"]
[Site "?"]
[Date "2019.03.24"]
[Round "8.1"]
[White "Korsus, Bernd"]
[Black "Bode, Wilfried"]
[Result "0-1"]
[WhiteElo "2323"]
[BlackElo "2340"]
[PlyCount "58"]
[EventDate "2019.??.??"]

1. Nf3 d6 2. d4 Nf6 3. g3 g6 4. Bg2 Bg7 5. O-O O-O 6. c4 c6 7. b3 Bf5 8. Bb2
Qc8 9. Re1 Na6 10. Nc3 Re8 11. e4 Bg4 12. Qd2 e5 13. d5 Qd7 14. Ba3 c5 15. Nh4
Qe7 16. h3 Bd7 17. Qe2 Bh6 18. Bc1 Bxc1 19. Raxc1 Nc7 20. f4 Nh5 21. Qf2 exf4
22. gxf4 Qf6 23. e5 Qxf4 24. exd6 Qxf2+ 25. Kxf2 Rxe1 26. Rxe1 Ne8 27. Re7 Rd8
28. Ne4 b6 29. Nf3 f6 0-1

[Event "OLNW 1819 Hamelner SV - Delmenhorster S"]
[Site "?"]
[Date "2019.03.24"]
[Round "8.2"]
[White "Tonndorf, Matthias"]
[Black "Margraf, Daniel"]
[Result "0-1"]
[WhiteElo "2180"]
[BlackElo "2229"]
[PlyCount "82"]
[EventDate "2019.??.??"]

1. e4 e5 2. Nf3 d6 3. d4 exd4 4. Nxd4 Nf6 5. Nc3 Be7 6. Bc4 O-O 7. O-O c6 8. a4
Nxe4 9. Nxe4 d5 10. Bd3 dxe4 11. Bxe4 Bf6 12. c3 Nd7 13. Bf4 Re8 14. Qc2 Bxd4
15. cxd4 Nf6 16. Bg5 Qxd4 17. Bd3 h6 18. Rad1 Qe5 19. Bh4 Nd5 20. Bg3 Qe7 21.
Qc1 Qb4 22. Bb1 Qxa4 23. Qc5 Qg4 24. Rd4 Qe2 25. Qc1 Bd7 26. Rd2 Qe6 27. Qc2 f5
28. Ba2 Kh8 29. h3 Qf7 30. Bxd5 cxd5 31. Qc7 Be6 32. Qe5 Rac8 33. Qd4 Rc4 34.
Qxa7 f4 35. Bh2 f3 36. Rd3 fxg2 37. Kxg2 d4 38. Rg3 Bd5+ 39. Kg1 Qe6 40. Rg4
Qe2 41. Qa3 Qxf1+ 0-1

[Event "OLNW 1819 Hamelner SV - Delmenhorster S"]
[Site "?"]
[Date "2019.03.24"]
[Round "8.3"]
[White "Hoeffer, David"]
[Black "van Son, Lutz"]
[Result "1-0"]
[WhiteElo "2308"]
[BlackElo "2156"]
[PlyCount "71"]
[EventDate "2019.??.??"]

1. d4 Nf6 2. c4 g6 3. g3 Bg7 4. Bg2 d6 5. Nf3 O-O 6. O-O Nbd7 7. Nc3 e5 8. e4
b6 9. d5 a5 10. Ne1 Nc5 11. f3 Nfd7 12. Nc2 f5 13. b4 axb4 14. Nxb4 Ba6 15. Nb5
Bxb5 16. cxb5 Ra4 17. Bd2 Rf7 18. Qc2 Qa8 19. Bh3 Qa5 20. exf5 gxf5 21. Bxf5
Nf8 22. Be6 Qxb5 23. Bxf7+ Kxf7 24. Nc6 Nd3 25. Nd8+ Kg8 26. Be3 Ra3 27. Qxc7
Qxd5 28. Qxb6 e4 29. Nc6 Qe6 30. Rab1 exf3 31. Rxf3 Nc5 32. Re1 Qe4 33. Qb4
Qxf3 34. Ne7+ Kh8 35. Qxa3 Be5 36. Bxc5 1-0

[Event "OLNW 1819 Hamelner SV - Delmenhorster S"]
[Site "?"]
[Date "2019.03.24"]
[Round "8.4"]
[White "Renner, Kai"]
[Black "Steingraeber, Kai Uwe"]
[Result "1-0"]
[WhiteElo "2194"]
[BlackElo "2018"]
[PlyCount "71"]
[EventDate "2019.??.??"]

1. e4 c6 2. d4 d5 3. Nd2 dxe4 4. Nxe4 Bf5 5. Ng3 Bg6 6. h4 h6 7. h5 Bh7 8. Nf3
e6 9. Bd3 Bxd3 10. Qxd3 Nf6 11. Bd2 c5 12. O-O-O Qb6 13. Ne4 Nxe4 14. Qxe4 cxd4
15. Nxd4 Be7 16. Be3 Bf6 17. f4 Nc6 18. g4 O-O-O 19. Nb3 Qb5 20. Bf2 Rxd1+ 21.
Rxd1 Rd8 22. Rxd8+ Bxd8 23. c4 Qa4 24. Kb1 Bf6 25. Be3 Nb4 26. Qxb7+ Kxb7 27.
Nc5+ Ka8 28. Nxa4 e5 29. g5 hxg5 30. fxg5 Be7 31. Nc3 f5 32. gxf6 gxf6 33. a3
Nc6 34. Nd5 f5 35. Nxe7 Nxe7 36. Bg5 1-0

[Event "OLNW 1819 Hamelner SV - Delmenhorster S"]
[Site "?"]
[Date "2019.03.24"]
[Round "8.5"]
[White "Pahl, Erik"]
[Black "Schmidt, Dennis"]
[Result "1-0"]
[WhiteElo "2095"]
[BlackElo "2062"]
[PlyCount "83"]
[EventDate "2019.??.??"]

1. c4 c5 2. g3 Nc6 3. Bg2 g6 4. Nc3 Bg7 5. d3 d6 6. e3 Bd7 7. Nge2 Rb8 8. b3 a6
9. Bb2 b5 10. Qd2 Nf6 11. O-O O-O 12. Rac1 Qa5 13. Ba1 Bh6 14. Rfd1 Qb6 15. Nf4
e5 16. Nfd5 Nxd5 17. Nxd5 Qd8 18. f4 Bg7 19. Kh1 exf4 20. gxf4 Qh4 21. Bxg7
Kxg7 22. Qc3+ f6 23. Rg1 Rf7 24. Be4 Re8 25. Rg3 Ne7 26. Rcg1 Nf5 27. Bxf5 Bxf5
28. e4 b4 29. Qb2 Be6 30. f5 Bxd5 31. cxd5 Re5 32. fxg6 hxg6 33. Rxg6+ Kh7 34.
Qg2 Rg5 35. Rxg5 fxg5 36. Qxg5 Qxg5 37. Rxg5 Rf2 38. e5 Kh6 39. Rg2 Rf1+ 40.
Rg1 Rf5 41. e6 Re5 42. Rg3 1-0